• 首页
  • 本馆介绍
  • 公告通知
  • 最新文献
  • 馆藏检索
  • 电子资源
  • 读者导购
  • 参考咨询
  • 我的图书馆
  • 登录
  • 详细信息显示
  • 放入我的书架
  • 预约/预借图书
  • 作者相关作品
  • 分类相关作品
  • 丛书相关作品
  • 出版社相关作品

书目信息

  • 表格格式
  • 工作单格式
  • 卡片格式
题名:
彩石镶嵌
    
 
作者: 胡春生 编著
分册:  
出版信息: 杭州   浙江摄影出版社  2014
页数: 129页, [1] 叶图版
开本: 23cm
丛书名: 浙江省非物质文化遗产代表作丛书
单 册:
中图分类: J314.3 , J314
科图分类:
主题词: 石雕--介绍--浙江省
电子资源:
ISBN: 978-7-5514-0755-7
000 01150nam 2200277 450
001 2355543855
005 20231206152610.38
010    @a978-7-5514-0755-7@dCNY25.00
100    @a20150204d2014 em y0chiy50 ea
101 0  @achi
102    @aCN@b330000
105    @aabcfa 000yy
200 1  @a彩石镶嵌@Acai shi xiang qian@f胡春生编著
210    @a杭州@c浙江摄影出版社@d2014
215    @a129页, [1] 叶图版@c彩图, 地图, 肖像@d23cm
225 2  @a浙江省非物质文化遗产代表作丛书@Azhe jiang sheng fei wu zhi wen hua yi chan dai biao zuo cong shu@h第二批
300    @a第二批国家级非物质文化遗产浙江省项目
320    @a有书目 (第127页)
330    @a彩石镶嵌, 集石雕、木雕和漆艺等工艺于一体, 采用浮雕与花板雕刻相结合的技法, 根据山水花鸟、神话故事、民俗风情和现代生活等题材内容, 按照中国画六法, 随类分色, 随类赋彩。彩石镶嵌, 以叶蜡石为主, 配石成图, 平嵌、高嵌、满地嵌灵活运用, 呈现的作品光彩照人、富丽华贵。
410  0 @12001 @a浙江省非物质文化遗产代表作丛书@h第二批
606 0  @a石雕@x介绍@y浙江省
690    @aJ314.3@v5
690    @aJ314@v4
701  0 @a胡春生@Ahu chun sheng@4编著
801  0 @aCN@b湖北三新@c20150204
905    @aBZT@dJ314@e2
    
    彩石镶嵌/胡春生编著.-杭州:浙江摄影出版社,2014
    129页, [1] 叶图版:彩图, 地图, 肖像;23cm.-(浙江省非物质文化遗产代表作丛书.第二批)
    第二批国家级非物质文化遗产浙江省项目
    
    ISBN 978-7-5514-0755-7:CNY25.00
    彩石镶嵌, 集石雕、木雕和漆艺等工艺于一体, 采用浮雕与花板雕刻相结合的技法, 根据山水花鸟、神话故事、民俗风情和现代生活等题材内容, 按照中国画六法, 随类分色, 随类赋彩。彩石镶嵌, 以叶蜡石为主, 配石成图, 平嵌、高嵌、满地嵌灵活运用, 呈现的作品光彩照人、富丽华贵。
●
相关链接 在五车中查询图书 在当当中查询图书 在豆瓣中查询图书


正题名:彩石镶嵌     索取号:J314/2         预约/预借

序号 登录号 条形码 馆藏地/架位号 状态 备注
1 2001400006   2001400006   三新/湖北三新(第三批)/1559/ [索取号:J314/2] 在馆    
2 2001400007   2001400007   三新/湖北三新(第三批)/1559/ [索取号:J314/2] 在馆    
3 2001400008   2001400008   三新/湖北三新(第三批)/1559/ [索取号:J314/2] 在馆    
4 2001400009   2001400009   三新/湖北三新(第三批)/1559/ [索取号:J314/2] 在馆    
5 2001400010   2001400010   三新/湖北三新(第三批)/1559/ [索取号:J314/2] 在馆    
6 2001400011   2001400011   三新/湖北三新(第三批)/1559/ [索取号:J314/2] 在馆    
7 2001400012   2001400012   三新/湖北三新(第三批)/1559/ [索取号:J314/2] 在馆    
8 2001400013   2001400013   三新/湖北三新(第三批)/1559/ [索取号:J314/2] 在馆    
9 2001400014   2001400014   三新/湖北三新(第三批)/1559/ [索取号:J314/2] 在馆    
10 2001400015   2001400015   三新/湖北三新(第三批)/1559/ [索取号:J314/2] 在馆    
11 2001400016   2001400016   三新/湖北三新(第三批)/1559/ [索取号:J314/2] 在馆    
12 2001400017   2001400017   三新/湖北三新(第三批)/1559/ [索取号:J314/2] 在馆    
13 2001400018   2001400018   三新/湖北三新(第三批)/1559/ [索取号:J314/2] 在馆    
14 2001400019   2001400019   三新/湖北三新(第三批)/1559/ [索取号:J314/2] 在馆    
15 2001400020   2001400020   三新/湖北三新(第三批)/1559/ [索取号:J314/2] 在馆    
16 2001400021   2001400021   三新/湖北三新(第三批)/1559/ [索取号:J314/2] 在馆    
17 2001400022   2001400022   三新/湖北三新(第三批)/1559/ [索取号:J314/2] 在馆    
18 2001400023   2001400023   三新/湖北三新(第三批)/1559/ [索取号:J314/2] 在馆    
19 2001400024   2001400024   三新/湖北三新(第三批)/1559/ [索取号:J314/2] 在馆    
20 2001400025   2001400025   三新/湖北三新(第三批)/1559/ [索取号:J314/2] 在馆    
21 2001400026   2001400026   三新/湖北三新(第三批)/1559/ [索取号:J314/2] 在馆    
22 2001400027   2001400027   三新/湖北三新(第三批)/1559/ [索取号:J314/2] 在馆    
23 2001400028   2001400028   三新/湖北三新(第三批)/1559/ [索取号:J314/2] 在馆    
24 2001400029   2001400029   三新/湖北三新(第三批)/1559/ [索取号:J314/2] 在馆    
25 2001400030   2001400030   三新/湖北三新(第三批)/1559/ [索取号:J314/2] 在馆    
26 2001400031   2001400031   三新/湖北三新(第三批)/1559/ [索取号:J314/2] 在馆    
27 2001400032   2001400032   三新/湖北三新(第三批)/1559/ [索取号:J314/2] 在馆    
28 2001400033   2001400033   三新/湖北三新(第三批)/1559/ [索取号:J314/2] 在馆    
29 2001400034   2001400034   三新/湖北三新(第三批)/1559/ [索取号:J314/2] 在馆    
30 2001400035   2001400035   三新/湖北三新(第三批)/1559/ [索取号:J314/2] 在馆    
山东省滨州职业学院图书馆 欢迎您!
大连网信软件有限公司© 版权所有